Countries of Europe With No Repeating Vowels Quiz Stats

Quiz Updated Dec 2, 2017

Score 0/23 Timer 04:00
1 Play Today
Country % Correct
France
97.3%
Spain
96%
Germany
95.6%
Italy
93%
Norway
92.4%
Portugal
91.9%
Denmark
91.7%
Ireland
91.7%
Finland
91.2%
Belgium
89.3%
Poland
87.8%
Iceland
87.1%
Country % Correct
Hungary
84.9%
Estonia
84.9%
Turkey
84.4%
Russia
84.2%
Switzerland
82.8%
Slovenia
79.8%
Ukraine
78.7%
Belarus
77.6%
Serbia
76.9%
Cyprus
74.2%
Czechia
67.9%

You're not logged in!

Compare scores with friends on all Sporcle quizzes.
Sign Up with Email
OR
Log In

Show Comments

Extras

Top Quizzes Today


Score Distribution

Your Account Isn't Verified!

In order to create a playlist on Sporcle, you need to verify the email address you used during registration. Go to your Sporcle Settings to finish the process.